[Event "Let's Play Chess!"]
[Site "http://www.queenalice.com/game.php?id=1534204"]
[Date "2018.7.10"]
[Round "-"]
[White "george941"]
[Black "FlinchAndYouMissIt"]
[Result "0-1"]
[WhiteElo "1674"]
[BlackElo "1695"]

1. c4 Nc6 2. Nc3 e5 3. d3 f5 4. e4 Nf6 5. Bg5 Bc5 6. g3 O-O 7. Bg2 d6 8. Nge2 h6
9. Be3 Bxe3 10. fxe3 Ng4 11. O-O Nxe3 12. Qc1 f4 13. gxf4 Nxg2 14. Kxg2 Qh4 15.
Rf3 Bg4 16. Rg3 exf4 17. Nxf4 Rxf4 18. Qxf4 Bh3+ 19. Kf3 Rf8 20. Qxf8+ Kxf8 21.
Ne2 Bg4+ 22. Rxg4 Ne5+ 0-1

[Event "AUTO-OPEN-3951"]
[Site "http://www.queenalice.com/game.php?id=1534235"]
[Date "2018.7.9"]
[Round "1"]
[White "ANNUNAKI"]
[Black "FlinchAndYouMissIt"]
[Result "1-0"]
[WhiteElo "1569"]
[BlackElo "1857"]

1. e4 Nc6 2. d4 e5 3. d5 Nce7 4. c4 Nf6 5. Nc3 Ng6 6. Nf3 Bc5 7. Bd3 a6 8. O-O
O-O 9. Be3 Bxe3 10. fxe3 d6 11. h3 Bd7 12. b4 Qc8 13. Kh2 h6 14. Ne2 Nh7 15. g4
Ng5 16. Nxg5 hxg5 17. Ng3 f6 18. Nf5 b6 19. a4 Kf7 20. c5 1-0

[Event "AUTO-OPEN-3951"]
[Site "http://www.queenalice.com/game.php?id=1534236"]
[Date "2018.7.9"]
[Round "1"]
[White "FlinchAndYouMissIt"]
[Black "ANNUNAKI"]
[Result "0-1"]
[WhiteElo "1695"]
[BlackElo "1597"]

1. a3 e5 2. Nc3 d5 3. e4 d4 4. Nce2 c5 5. Nf3 Nc6 6. Ng3 Nf6 7. Bb5 Bd6 8. O-O
O-O 9. d3 h6 10. Nf5 Bxf5 11. exf5 a6 12. Bc4 Kh7 13. Nd2 b5 14. Ba2 Qc8 15. Qf3
Ne7 16. Ne4 Nxe4 17. dxe4 f6 18. Qh5 Qe8 19. Qh4 g5 0-1

[Event "AUTO-OPEN-3951"]
[Site "http://www.queenalice.com/game.php?id=1534255"]
[Date "2018.7.9"]
[Round "1"]
[White "renocharlier"]
[Black "FlinchAndYouMissIt"]
[Result "1-0"]
[WhiteElo "1485"]
[BlackElo "1635"]

1. Nc3 g6 2. e4 Bg7 3. d4 a6 4. Qf3 d6 5. d5 Nf6 6. e5 dxe5 7. Bg5 Bg4 8. Qg3
Nbd7 9. h4 Nc5 10. Bxf6 exf6 11. Qxg4 f5 12. Qc4 Qe7 13. b4 Ne4 14. Nxe4 fxe4
15. Qxe4 f5 16. d6 cxd6 17. Qd5 e4 18. Nh3 Bxa1 19. Bc4 Bc3+ 20. Ke2 Bxb4 21.
Qf7+ Qxf7 22. Bxf7+ Kxf7 23. Rd1 Rac8 24. Rc1 Rc3 25. Ng5+ Kf6 26. Nh3 Rhc8 27.
Kd1 Ba3 28. Kd2 Bxc1+ 29. Kxc1 Rxc2+ 30. Kb1 Ke5 31. Ng1 Rc1+ 32. Kb2 Rxg1 33.
g3 Rg2 34. a3 1-0

[Event "AUTO-OPEN-3951"]
[Site "http://www.queenalice.com/game.php?id=1534267"]
[Date "2018.7.9"]
[Round "1"]
[White "FlinchAndYouMissIt"]
[Black "bmax"]
[Result "0-1"]
[WhiteElo "1712"]
[BlackElo "2124"]

1. a3 d6 2. d4 Nf6 3. Nf3 Nbd7 4. e3 e5 5. Nbd2 e4 6. Ng5 d5 7. c4 c6 8. cxd5
cxd5 9. Be2 Be7 10. Nh3 O-O 11. f4 Ne8 12. O-O Nd6 13. b4 Nb6 14. g4 h5 15. Kh1
hxg4 16. Bxg4 Nf5 17. Qe2 Na4 18. Nb3 b6 19. Qc2 Bd7 20. Qg2 Rc8 21. Ra2 Rc3 22.
Bxf5 Bxf5 23. Ng5 Rxb3 24. Qc2 Rd3 25. Qxa4 f6 26. Ne6 Bxe6 27. f5 Bf7 28. Rg2
Qc7 29. Rfg1 Bh5 30. Rxg7+ Kh8 31. R1g3 Qxc1+ 0-1

[Event "AUTO-OPEN-3951"]
[Site "http://www.queenalice.com/game.php?id=1534268"]
[Date "2018.7.9"]
[Round "1"]
[White "bmax"]
[Black "FlinchAndYouMissIt"]
[Result "0-1"]
[WhiteElo "2140"]
[BlackElo "1786"]

1. d4 Nc6 2. Bf4 d5 3. Nf3 Bg4 4. e3 Nf6 5. h3 Bh5 6. c4 e6 7. c5 Be7 8. Be2 Bg6
9. Bb5 Nd7 10. Bxc6 bxc6 11. Qa4 O-O 12. Qxc6 Rb8 13. b3 Bd3 14. Nc3 Qc8 15. Rd1
Ba6 16. Qxc7 Qe8 17. Qa5 Qc8 18. Bxb8 Nxb8 19. Ne5 f6 20. Nf3 Nc6 21. Qa4 Qb7
22. Qa3 Nb4 23. Rd2 e5 24. dxe5 fxe5 25. Nxe5 Bxc5 26. Na4 Nd3+ 27. Nxd3 Bxa3
28. O-O Qf7 29. Ne5 Qf5 30. Rxd5 Bxf1 0-1

[Event "AUTO-OPEN-3952"]
[Site "http://www.queenalice.com/game.php?id=1534508"]
[Date "2018.7.12"]
[Round "1"]
[White "FlinchAndYouMissIt"]
[Black "patreszer"]
[Result "0-1"]
[WhiteElo "1721"]
[BlackElo "1983"]

1. a3 Nf6 2. Nc3 d5 3. d3 e5 4. Nf3 Nc6 5. g3 Bg4 6. Bg2 Bd6 7. O-O O-O 8. h3
Bd7 9. e4 d4 10. Ne2 Qc8 11. Kh2 g6 0-1

[Event "AUTO-OPEN-3952"]
[Site "http://www.queenalice.com/game.php?id=1534537"]
[Date "2018.7.12"]
[Round "1"]
[White "FlinchAndYouMissIt"]
[Black "UNIVERSE"]
[Result "0-1"]
[WhiteElo "1808"]
[BlackElo "1571"]

1. a3 d5 2. Nc3 e5 3. e4 d4 4. Nce2 c5 5. Ng3 Nc6 6. Nf3 g6 7. Bc4 Be7 8. O-O a6
9. d3 Be6 10. Bxe6 fxe6 11. Bd2 Qd7 12. c3 Bf6 13. cxd4 exd4 14. Ng5 Nge7 15.
Qg4 Bxg5 0-1

[Event "AUTO-OPEN-3952"]
[Site "http://www.queenalice.com/game.php?id=1534538"]
[Date "2018.7.12"]
[Round "1"]
[White "UNIVERSE"]
[Black "FlinchAndYouMissIt"]
[Result "1-0"]
[WhiteElo "1596"]
[BlackElo "1765"]

1. e4 Nc6 2. d4 e5 3. d5 Nce7 4. c4 Ng6 5. Nc3 Bb4 6. Bd3 Nf6 7. Ne2 Ng4 8. h3
Nxf2 9. Kxf2 Bc5+ 10. Ke1 Nh4 11. Kd2 Nxg2 12. Kc2 d6 13. Qf1 Ne3+ 14. Bxe3 1-0

[Event "AUTO-OPEN-3952"]
[Site "http://www.queenalice.com/game.php?id=1534539"]
[Date "2018.7.12"]
[Round "1"]
[White "FlinchAndYouMissIt"]
[Black "chessman"]
[Result "1-0"]
[WhiteElo "1500"]
[BlackElo "1949"]

1. a3 e5 2. Nc3 Nf6 3. f4 exf4 4. d4 g5 5. e3 fxe3 6. Bxe3 h6 7. Qd2 Bg7 8. Nf3
O-O 9. Bd3 Re8 10. O-O-O d5 11. Ne5 c5 12. Rhf1 a6 13. Bxg5 hxg5 14. Qxg5 cxd4
15. Nxf7 Kxf7 16. Nxd5 1-0

[Event "AUTO-OPEN-3952"]
[Site "http://www.queenalice.com/game.php?id=1534540"]
[Date "2018.7.12"]
[Round "1"]
[White "chessman"]
[Black "FlinchAndYouMissIt"]
[Result "0-1"]
[WhiteElo "2029"]
[BlackElo "1855"]

1. d4 Nc6 2. e4 e5 3. d5 Nce7 4. f4 Ng6 5. Nf3 exf4 6. Bd3 Bc5 7. Nc3 d6 8. Qe2
Bg4 9. Na4 Bb4+ 10. c3 Bxf3 11. Qxf3 Qh4+ 12. Qf2 Qxf2+ 13. Kxf2 Ba5 14. Re1 a6
15. b4 Bb6+ 16. Nxb6 cxb6 17. Re2 Ne5 18. Bc2 g5 19. Bb3 Rc8 20. Bb2 Nd3+ 21.
Kf3 Nxb2 22. Rxb2 Rxc3+ 23. Kf2 Nf6 24. Re2 Ke7 25. h3 Nd7 26. Rd1 Rhc8 27. Rde1
Ne5 28. Kg1 Rg3 0-1

[Event "AUTO-OPEN-3955"]
[Site "http://www.queenalice.com/game.php?id=1535698"]
[Date "2018.7.21"]
[Round "1"]
[White "josebaron"]
[Black "FlinchAndYouMissIt"]
[Result "1-0"]
[WhiteElo "2017"]
[BlackElo "1805"]

1. e4 e6 2. Nf3 d5 3. exd5 exd5 4. d4 c6 5. Be2 Bf5 6. Nc3 Bd6 7. Bg5 Qc7 8. O-O
Ne7 9. Bd3 Bg4 10. h3 Bh5 11. Re1 O-O 12. g4 1-0

[Event "AUTO-OPEN-3955"]
[Site "http://www.queenalice.com/game.php?id=1535734"]
[Date "2018.7.21"]
[Round "1"]
[White "FlinchAndYouMissIt"]
[Black "chessman"]
[Result "0-1"]
[WhiteElo "1668"]
[BlackElo "1994"]

1. a3 e5 2. Nc3 d6 3. g3 Nf6 4. Bg2 Be7 5. d3 O-O 6. Nf3 Re8 7. O-O Nbd7 8. e4
Nf8 9. h3 Bd7 10. Be3 Qc8 11. Kh2 Ng6 12. Ng1 a6 13. f4 exf4 14. gxf4 Nh4 15. f5
Nxg2 16. Kxg2 b5 17. Nf3 Bc6 18. Kh2 Bb7 19. Rg1 c5 20. Bh6 g6 21. Ng5 Qc7 22.
Nxf7 Kxf7 23. fxg6+ hxg6 24. Rf1 Rh8 0-1

[Event "AUTO-OPEN-3955"]
[Site "http://www.queenalice.com/game.php?id=1535735"]
[Date "2018.7.21"]
[Round "1"]
[White "chessman"]
[Black "FlinchAndYouMissIt"]
[Result "1-0"]
[WhiteElo "1991"]
[BlackElo "1671"]

1. e4 Nc6 2. Nf3 f5 3. d3 e5 4. Nc3 fxe4 5. dxe4 Nf6 6. Bd2 Bc5 7. Bd3 d6 8. O-O
Bg4 9. Be2 a6 10. a3 O-O 11. h3 Bxf3 12. Bxf3 Nd4 13. b4 Ba7 14. Be3 Nxf3+ 15.
Qxf3 1-0